000 00340nam a2200145Ia 4500
005 20250603145931.0
008 250603s9999 xx 000 0 und d
020 _a9789789695041
050 _aKP 123 .O3/
100 _aObot Emmanuel,Obot, ph.D
245 4 _aThe snake is in the court
260 _c2019
300 _a164 p
942 _cBK
999 _c43287
_d43287